Giáo trình nhiệt động học và vật lý thống kê
Bewaard in:
| Hoofdauteur: | |
|---|---|
| Formaat: | Boek |
| Gepubliceerd in: |
H.
ĐH Quốc gia
1996
|
| Onderwerpen: | |
| Tags: |
Voeg label toe
Geen labels, Wees de eerste die dit record labelt!
|
| Thư viện lưu trữ: | Trung tâm Học liệu Lê Vũ Hùng, Trường Đại học Đồng Tháp |
|---|
| LEADER | 00735pam a22002178a 4500 | ||
|---|---|---|---|
| 001 | 00020703 | ||
| 005 | 20171026081023.0 | ||
| 008 | 110519s1996 ||||||Viesd | ||
| 041 | 0 | # | |a Vie |
| 082 | 1 | 4 | |a 536.071 |b GI108TR |
| 100 | 0 | # | |a Vũ Thanh Khiết |
| 245 | 0 | 0 | |a Giáo trình nhiệt động học và vật lý thống kê |c Vũ Thanh Khiết |
| 260 | # | # | |a H. |b ĐH Quốc gia |c 1996 |
| 300 | # | # | |a 376 tr. |c 21 cm. |
| 650 | # | 4 | |a Giáo trình |
| 650 | # | 4 | |a Nhiệt động lực học |
| 653 | # | # | |a Vật lý thống kê |
| 852 | # | # | |b Kho đọc |j KD.0005989 |
| 852 | # | # | |j KD.0005989 |
| 910 | 0 | # | |a nhnam |d 19/05/2011 |
| 980 | # | # | |a Trung tâm Học liệu Lê Vũ Hùng, Trường Đại học Đồng Tháp |